00000000cam 2200000zi 4500
0019.954818
003CaOODSP
00520260513141030
006m     o  d f      
007cr |||||||||||
008250904t20262026onco    o    f000 0 fre d
020 |a9780660787855
040 |aCaOODSP|bfre|erda|cCaOODSP
043 |an-cn---
0861 |aCi4-285/2025F-PDF
24500|aRapport d’étape de l’examen du fardeau administratif.
264 1|a[Ottawa] : |bImmigration, Réfugiés et Citoyenneté Canada = Immigration, Refugees and Citizenship Canada, |c[2026]
264 4|c©2026
300 |a1 ressource en ligne (10 pages) : |bphotographies
336 |atexte|btxt|2rdacontent/fre
337 |ainformatique|bc|2rdamedia/fre
338 |aressource en ligne|bcr|2rdacarrier/fre
500 |aPublié aussi en anglais sous le titre : Red tape review progress report.
61016|aCanada. |bImmigration, réfugiés et citoyenneté Canada|xÉvaluation.
61016|aCanada. |bImmigration, réfugiés et citoyenneté Canada|xPlanification.
7101 |aCanada. |bImmigration, réfugiés et citoyenneté Canada, |eorganisme de publication.
77508|tRed tape review progress report.|w(CaOODSP)9.954819
85640|qPDF|s796 Ko|uhttps://publications.gc.ca/collections/collection_2026/ircc/Ci4-285-2025-fra.pdf
8564 |qHTML|sS.O.|uhttps://www.canada.ca/fr/immigration-refugies-citoyennete/organisation/mandat/lois-reglements/rapport-fardeau-administratif-2025.html